La gigantona, mi primer libro de folklore /
Guardado en:
| Autor Principal: | |
|---|---|
| Otros Autores: | , |
| Formato: | Libro |
| Publicado: |
Buenos Aires :
Az,
2015
|
| Materias: | |
| Etiquetas: |
Agregar Etiqueta
Sin Etiquetas, Sea el primero en etiquetar este registro!
|
| LEADER | 01143nam a22003135a 4500 | ||
|---|---|---|---|
| 001 | CEM.cems015237 | ||
| 005 | 20191025155935.0 | ||
| 008 | 130507s2015##################000#0#####d | ||
| 003 | CEMS | ||
| 020 | |a 9789873502644 | ||
| 082 | 0 | 4 | |a A868.4 |
| 100 | 1 | |a Anónimo | |
| 245 | 1 | 0 | |a La gigantona, mi primer libro de folklore / |c Anónimo ; compilado Por Irene Piedra Santa ; ilustrado Por Christine Varadi |
| 260 | |a Buenos Aires : |b Az, |c 2015 | ||
| 300 | |a 64 p. | ||
| 505 | 0 | |a Retahílas -- Trabalenguas y destrabalenguas -- Colmos -- Cuentos de nunca acabar -- Refranes -- Creencias -- Comparaciones verbales -- Poesías y romances -- Apodos -- Seres fantásticos -- Adivina adivinador | |
| 653 | |a Literatura | ||
| 653 | |a Literatura argentina | ||
| 653 | |a Literatura infantil | ||
| 653 | |a Cuentos infantiles | ||
| 653 | |a Colección ciencias de la educación | ||
| 653 | |a Folklore | ||
| 653 | |a Trabalenguas | ||
| 653 | |a Colmos | ||
| 653 | |a Refranes | ||
| 653 | |a Adivinanzas | ||
| 700 | 1 | |a Piedra Santa, Irene; comp. | |
| 700 | 1 | |a Veradi, Christine; il. | |
| 859 | |a CEMS |b BIB. CEMS - Ccias. Educacion |h A868.4 |i G367 |k CE |p 28430.19 |t Ej.1 | ||
